[Event "Kalamazoo (WMUSO/3/13)"]
[Site "?"]
[Date "1986.??.??"]
[Round "?"]
[White "Smalec, John"]
[Black "Harrold, Alvin"]
[Result "0-1"]
[WhiteElo "1605"]
[BlackElo "1830"]
[PlyCount "102"]
[EventDate "1986.??.??"]

{3/(13)} 1. Nf3 d5 2. c4 d4 3. g3 c5 4. Bg2 Nc6 5. O-O g6 6. d3 Bh6 7. Bxh6
Nxh6 8. Qd2 Nf5 9. Qf4 f6 10. g4 e5 11. Qd2 Nd6 12. h3 Be6 13. e3 Qd7 14. exd4
exd4 15. Nh2 O-O-O 16. Na3 h5 17. Nb5 hxg4 18. hxg4 Rh4 19. Qf4 Qe7 20. Rfe1
Nxb5 21. cxb5 Ne5 22. Rxe5 fxe5 23. Qxe5 Qd6 24. Re1 Bxg4 25. Nxg4 Rxg4 26. Qg7
Rd7 27. Re8+ Kc7 28. Qg8 Qd5 29. Rc8+ Kb6 30. Qxd5 Rxd5 31. Kf1 Rdg5 32. Be4
Rg1+ 33. Ke2 Re5 34. Rb8 Re7 35. a4 Rb1 36. Kf3 Rxb2 37. Bxg6 Ra2 38. Be4 Rxa4
39. Rh8 Kxb5 40. Bg6 Ra3 41. Rh1 c4 42. Rh4 Kc5 43. Rh5+ Kb4 44. Kf4 c3 45. Rh1
Ra2 46. Kf3 Rc7 47. Rc1 Kb3 48. Ke4 Kb2 49. Rd1 Ra1 50. Rxa1 Kxa1 51. Kxd4 c2
0-1

[Event "Monroe (MI Op/4/26)"]
[Site "?"]
[Date "1986.??.??"]
[Round "?"]
[White "Skidmore, Mike"]
[Black "Pokrzywa, J.."]
[Result "0-1"]
[WhiteElo "1905"]
[BlackElo "1820"]
[PlyCount "48"]
[EventDate "1986.??.??"]

{4/(26)} 1. e4 e5 2. Nf3 Nc6 3. Bb5 Nd4 4. Ba4 Bc5 5. c3 Nxf3+ 6. Qxf3 Nf6 7.
b4 Bb6 8. Bb2 O-O 9. O-O d5 10. exd5 Nxd5 11. Qg3 Nf4 12. Qf3 Qg5 13. Kh1 Bg4
14. Qg3 Nh5 15. Qd3 Rad8 16. Qe4 Rd6 17. Bc2 Nf6 18. Qxb7 Qf4 19. f3 Bc8 20.
Qb8 Ba6 21. Qxf8+ Kxf8 22. Rd1 Nh5 23. d4 Ng3+ 24. hxg3 Rh6+ 0-1

[Event "Monroe (MI Op/6/24)"]
[Site "?"]
[Date "1986.??.??"]
[Round "?"]
[White "Skidmore, Mike"]
[Black "Lynch, W.."]
[Result "1-0"]
[WhiteElo "1905"]
[BlackElo "1610"]
[PlyCount "79"]
[EventDate "1986.??.??"]

{6/(24)} 1. e4 e5 2. Nf3 Nc6 3. Bb5 a6 4. Ba4 Nf6 5. d3 b5 6. Bb3 d6 7. c3 Bg4
8. Nbd2 d5 9. exd5 Nxd5 10. Ne4 Be7 11. h3 Bh5 12. Ng3 Bg6 13. O-O O-O 14. Re1
f6 15. c4 bxc4 16. Bxc4 Kh8 17. Nh4 Bf7 18. Ngf5 Bb4 19. Re4 g6 20. Nh6 f5 21.
Nxf7+ Rxf7 22. Re2 Rd7 23. Nf3 e4 24. Bg5 exf3 25. Bxd8 fxe2 26. Qxe2 Raxd8 27.
Bxa6 Nf4 28. Qc2 Nd4 29. Qc4 Nfe2+ 30. Kh1 Be7 31. Re1 Bd6 32. Qd5 Re7 33. Rd1
Rde8 34. Bb7 Nc3 35. Qxd4+ Re5 36. Qxc3 Kg8 37. Bc6 Rc5 38. Bxe8 Rxc3 39. bxc3
Be5 40. d4 1-0

[Event "Monroe (MI Op/3/25)"]
[Site "?"]
[Date "1986.??.??"]
[Round "?"]
[White "Skidmore, Mike"]
[Black "Balkany, A.."]
[Result "0-1"]
[WhiteElo "1905"]
[BlackElo "1830"]
[PlyCount "120"]
[EventDate "1986.??.??"]

{3/(25)} 1. e4 Nf6 2. e5 Nd5 3. Bc4 c6 4. Nf3 e6 5. O-O d6 6. d4 Be7 7. c3 O-O
8. Nbd2 Nd7 9. Ne4 dxe5 10. dxe5 Qc7 11. Ng3 Nxe5 12. Nxe5 Qxe5 13. Re1 Qc7 14.
Qg4 Nf6 15. Qf3 b6 16. Bg5 Bb7 17. Bf4 Qc8 18. Nh5 c5 19. Nxf6+ Bxf6 20. Qg3
Qc6 21. Bd3 Rad8 22. Bc2 Rd7 23. Qh3 g6 24. Qg3 Rfd8 25. f3 Qb5 26. Rab1 Ba6
27. h4 Rd5 28. Be5 Bxe5 29. Rxe5 Rxe5 30. Qxe5 Qe2 31. Qxe2 Bxe2 32. Rc1 Rd2
33. Kh1 Kf8 34. Kg1 Ke7 35. Kh1 e5 36. Kg1 f5 37. Kh1 Kd6 38. Kg1 Bd3 39. Bb3
Rxb2 40. Rd1 Rb1 41. Rxb1 Bxb1 42. Bg8 h6 43. Bh7 g5 44. g4 Ke6 45. h5 Kf6 46.
a3 c4 47. Kf2 Bd3 48. Bg8 fxg4 49. fxg4 e4 50. Ke3 Ke5 51. Bf7 Bf1 52. Bg6 Bg2
53. Bf5 Bf3 54. Bd7 Kd5 55. Bf5 b5 56. Bc8 a5 57. Bb7+ Kc5 58. Bc8 b4 59. axb4+
axb4 60. cxb4+ Kxb4 0-1

[Event "Warren (MCO/5/45)"]
[Site "?"]
[Date "1986.??.??"]
[Round "?"]
[White "Simon, E.."]
[Black "Morrow, Chris"]
[Result "0-1"]
[WhiteElo "1605"]
[BlackElo "1605"]
[PlyCount "92"]
[EventDate "1986.??.??"]

{5/(45)} 1. e4 e5 2. Nf3 Nc6 3. Bb5 a6 4. Ba4 Nf6 5. O-O Nxe4 6. Re1 Nc5 7. c3
Nxa4 8. Qxa4 d6 9. d4 Bd7 10. Qb3 b6 11. dxe5 dxe5 12. Nxe5 Nxe5 13. Rxe5+ Be7
14. Be3 O-O 15. Nd2 Bd6 16. Re4 Bf5 17. Rd4 c5 18. Bg5 Bxh2+ 19. Kxh2 Qxg5 20.
Nf3 Qh6+ 21. Rh4 Qd6+ 22. Kg1 Rad8 23. c4 Rfe8 24. g3 Be4 25. Ng5 Bg6 26. Qf3
Qf6 27. Qxf6 gxf6 28. Nh3 Rd2 29. Nf4 Rxb2 30. Nh5 Bxh5 31. Rxh5 Ree2 32. Rf5
Kg7 33. Kg2 Rxa2 34. Rh1 Kg6 35. Rf4 h5 36. Rhh4 f5 37. Rf3 a5 38. Rhf4 Re5 39.
Rb3 Re6 40. Rbf3 Rf6 41. Rd3 a4 42. Rd8 a3 43. Ra8 Ra1 44. Kh3 a2 45. f3 Rh1+
46. Kg2 a1=Q 0-1

[Event "Warren (MCO/3/44)"]
[Site "?"]
[Date "1986.??.??"]
[Round "?"]
[White "Simon, E.."]
[Black "Iverson, B.."]
[Result "1/2-1/2"]
[WhiteElo "1605"]
[BlackElo "1655"]
[PlyCount "112"]
[EventDate "1986.??.??"]

{3/(44)} 1. e4 e6 2. d4 b6 3. Nc3 Bb4 4. Bd2 Bb7 5. Bd3 Nf6 6. f3 O-O 7. a3 Be7
8. Nge2 c5 9. O-O cxd4 10. Nxd4 Bc5 11. Be3 e5 12. Nf5 Bxe3+ 13. Nxe3 Nc6 14.
Qd2 Nd4 15. Nf5 Nxf5 16. exf5 d5 17. Rae1 Re8 18. Nd1 Qd6 19. Ne3 Rac8 20. Be2
h6 21. Rc1 Red8 22. Ng4 Nxg4 23. fxg4 f6 24. h4 Qe7 25. c3 a6 26. Qe3 Qc5 27.
Qf2 Qxf2+ 28. Rxf2 b5 29. Rcf1 Rd6 30. g5 hxg5 31. hxg5 d4 32. cxd4 Rxd4 33.
gxf6 gxf6 34. g4 Rc7 35. g5 Rh7 36. Rh2 Rxh2 37. Kxh2 Kg7 38. Kg3 Rd7 39. g6
Rd4 40. Rf2 Rd7 41. Rh2 Kg8 42. Bf3 Rd3 43. Kh4 Rxf3 44. Rd2 Rf4+ 45. Kh3 Rd4
46. Rc2 Rd7 47. Kg3 Re7 48. Rd2 Re8 49. Rd6 Rf8 50. Kh4 Bc8 51. Kh5 Bxf5 52.
Rxa6 Bd7 53. Kh6 Bc8 54. Ra7 Bf5 55. Rg7+ Kh8 56. Rf7 Kg8 1/2-1/2

[Event "Warren (MCO/6/49)"]
[Site "?"]
[Date "1986.??.??"]
[Round "?"]
[White "Simon, E.."]
[Black "Galazyn, R.."]
[Result "1/2-1/2"]
[WhiteElo "1605"]
[BlackElo "1605"]
[PlyCount "50"]
[EventDate "1986.??.??"]

{6/(49)} 1. e4 c5 2. Nf3 Nc6 3. d4 cxd4 4. Nxd4 g6 5. g3 Bg7 6. Nb3 d6 7. Bg2
Nf6 8. O-O O-O 9. Nc3 Nd7 10. Be3 Bxc3 11. bxc3 Nde5 12. f4 Nc4 13. Bc1 e5 14.
f5 Qb6+ 15. Kh1 Ne3 16. Bxe3 Qxe3 17. Re1 Qxc3 18. Rf1 Nd4 19. Nxd4 exd4 20.
Qc1 Bd7 21. Bh3 Bc6 22. Bg2 Rae8 23. Re1 gxf5 24. Qg5+ Kh8 25. Qf6+ Kg8 1/2-1/2

[Event "Monroe (RVO/2/10)"]
[Site "?"]
[Date "1986.??.??"]
[Round "?"]
[White "Sharp, D.."]
[Black "Conley, Steve"]
[Result "1-0"]
[WhiteElo "2130"]
[BlackElo "1845"]
[PlyCount "119"]
[EventDate "1986.??.??"]

{2/(10)} 1. e4 c6 2. d4 d5 3. Nc3 dxe4 4. Nxe4 Bf5 5. Ng3 Bg6 6. h4 h6 7. h5
Bh7 8. Nf3 Nf6 9. Bd3 Bxd3 10. Qxd3 e6 11. Bd2 Nbd7 12. O-O-O Qc7 13. Qe2 O-O-O
14. Ne5 Nxe5 15. dxe5 Nd5 16. f4 Bb4 17. Ne4 Bxd2+ 18. Qxd2 Kb8 19. Nd6 Nb6 20.
Rh3 Nc4 21. Qd4 Nxd6 22. exd6 Qa5 23. Ra3 Qb6 24. Qxg7 Rdf8 25. g4 Qd8 26. Qe5
Qd7 27. g5 hxg5 28. Qxg5 f6 29. Qg1 b6 30. Qh2 Rh6 31. Qe2 Rfh8 32. Rh3 Kb7 33.
Qg4 R6h7 34. Rd2 Rg7 35. Qd1 Rhg8 36. Rh1 c5 37. h6 Rh7 38. Rdh2 Rd8 39. Rg2
Kb8 40. Rg6 Qa4 41. c3 Qxf4+ 42. Qd2 Qe4 43. Rhg1 f5 44. Rg7 f4 45. Rxh7 Qxh7
46. Qxf4 Qh8 47. Re1 Rf8 48. Qh2 Rf6 49. d7+ Kb7 50. h7 Rf8 51. Rxe6 Qg7 52.
Re1 Rh8 53. Rd1 Qg5+ 54. Rd2 Qd8 55. Qg2+ Kc7 56. Qg3+ Kb7 57. Qf3+ Kc7 58.
Qf4+ Kb7 59. Qe4+ Kc7 60. Qe5+ 1-0

[Event "Warren (MCO/2/2)"]
[Site "?"]
[Date "1986.??.??"]
[Round "?"]
[White "Selitsky, B.."]
[Black "Wygrecki, J.."]
[Result "0-1"]
[WhiteElo "1845"]
[BlackElo "2280"]
[PlyCount "42"]
[EventDate "1986.??.??"]

{2/(2)} 1. e4 e6 2. d4 d5 3. Nd2 c5 4. exd5 exd5 5. Ngf3 Nf6 6. Bb5+ Nc6 7. Ne5
Qc7 8. O-O Bd6 9. Ndf3 O-O 10. Nxc6 bxc6 11. Be2 Re8 12. h3 Ne4 13. dxc5 Bxc5
14. c3 Bxh3 15. gxh3 Qg3+ 16. Kh1 Qxh3+ 17. Kg1 Ng3 18. Nh2 Nxe2+ 19. Kh1 Bd6
20. f4 Ng3+ 21. Kg1 Bc5+ 0-1

[Event "Monroe (MI Op/6/17)"]
[Site "?"]
[Date "1986.??.??"]
[Round "?"]
[White "Selitsky, B.."]
[Black "Owens, James"]
[Result "0-1"]
[WhiteElo "1845"]
[BlackElo "1940"]
[PlyCount "62"]
[EventDate "1986.??.??"]

{6/(17)} 1. e4 e6 2. d4 d5 3. Nd2 c5 4. exd5 Qxd5 5. Ngf3 cxd4 6. Bc4 Qd8 7.
O-O Nc6 8. Qe2 Be7 9. Nb3 Nf6 10. Rd1 O-O 11. Nbxd4 Nxd4 12. Nxd4 Qb6 13. Nb3
Bd7 14. Bf4 Rad8 15. Be5 Bc6 16. Bd4 Qc7 17. Be5 Qc8 18. Nd2 a6 19. Bd3 Nd7 20.
Bg3 Nc5 21. Bc4 b5 22. Bb3 Qb7 23. f3 Bf6 24. Be5 Be7 25. c4 Nd3 26. h3 Bc5+
27. Kh2 Nxe5 28. cxb5 Bxb5 29. Qe1 Qc7 30. Qg3 Bd6 31. Ne4 Nxf3+ 0-1

[Event "Warren (MCO/4/23)"]
[Site "?"]
[Date "1986.??.??"]
[Round "?"]
[White "Selitsky, B.."]
[Black "Morris, Jewell"]
[Result "1-0"]
[WhiteElo "1845"]
[BlackElo "1675"]
[PlyCount "31"]
[EventDate "1986.??.??"]

{4/(23)} 1. e4 e5 2. Nf3 Nc6 3. Bb5 Bc5 4. c3 Nf6 5. O-O d6 6. d4 exd4 7. cxd4
Bb6 8. d5 Nxe4 9. Qe2 Qe7 10. dxc6 bxc6 11. Bxc6+ Kd8 12. Bxa8 Re8 13. Qxe4 Qf6
14. Bg5 Rxe4 15. Bxf6+ gxf6 16. Bxe4 1-0

[Event "Monroe (MI Op/1a/7)"]
[Site "?"]
[Date "1986.??.??"]
[Round "?"]
[White "Selitsky, B.."]
[Black "Mazuchowski, Tom"]
[Result "0-1"]
[WhiteElo "1845"]
[BlackElo "2140"]
[PlyCount "45"]
[EventDate "1986.??.??"]

1. e4 e5 2. Nf3 Nc6 3. Bb5 f5 4. d3 fxe4 5. dxe4 Nf6 6. O-O Bc5 7. Nc3 O-O 8.
Bg5 h6 9. Bxf6 Qxf6 10. Qd5+ Qe6 11. Qxc5 Qg6 12. Kh1 d6 13. Qe3 Bg4 14. Ne1
Nd4 15. Bd3 c6 16. Ne2 Ne6 17. h3 Bxe2 18. Bxe2 Rf4 19. Nd3 Rxe4 20. Qd2 Rh4
21. c3 e4 22. Nb4 Nf4 23. Bg4 0-1

[Event "Monroe (MI Op/3/15)"]
[Site "?"]
[Date "1986.??.??"]
[Round "?"]
[White "Selitsky, B.."]
[Black "Lang, J.."]
[Result "0-1"]
[WhiteElo "1845"]
[BlackElo "2105"]
[PlyCount "60"]
[EventDate "1986.??.??"]

{3/(15)} 1. e4 d6 2. d4 c5 3. Bb5+ Bd7 4. Bxd7+ Nxd7 5. Nf3 g6 6. c3 Bg7 7. Qa4
b6 8. O-O Qc7 9. Bf4 e5 10. dxe5 dxe5 11. Bg3 a6 12. c4 Qb8 13. Nc3 Ne7 14.
Rad1 Ra7 15. Nd5 b5 16. Qb3 Nc6 17. cxb5 axb5 18. a3 O-O 19. Qe3 Re8 20. Nd2
Ra4 21. Nc3 Rd4 22. Ne2 Ra4 23. Nb3 Nd4 24. Kh1 Qb6 25. f3 b4 26. Nd2 bxa3 27.
bxa3 Qa6 28. Nb1 Nxe2 29. Rxd7 Nxg3+ 30. hxg3 Qxf1+ 0-1

[Event "Monroe (MI Op/5/20)"]
[Site "?"]
[Date "1986.??.??"]
[Round "?"]
[White "Selitsky, B.."]
[Black "Armstead, Curt"]
[Result "1-0"]
[WhiteElo "1845"]
[BlackElo "1875"]
[PlyCount "53"]
[EventDate "1986.??.??"]

{5/(20)} 1. e4 c5 2. Nc3 d6 3. g3 Nc6 4. Bg2 g6 5. d3 Bg7 6. f4 e6 7. Nf3 Nge7
8. O-O O-O 9. Be3 b6 10. e5 d5 11. Nb5 Nf5 12. Bf2 a6 13. Nc3 Re8 14. g4 Nfe7
15. Bh4 Qc7 16. Bf6 Bb7 17. Qe1 Rac8 18. Qh4 h6 19. Ne2 Nb4 20. Rfc1 Qd7 21. c3
Nxd3 22. Rc2 c4 23. Ned4 Nc6 24. Bxg7 Kxg7 25. Nxc6 Bxc6 26. Nd4 Nxf4 27. Qf6+
1-0

[Event "Taylor (SEMO/3/11)"]
[Site "?"]
[Date "1986.??.??"]
[Round "?"]
[White "Schweikert, G.."]
[Black "Manion, Tom"]
[Result "0-1"]
[WhiteElo "1870"]
[BlackElo "1940"]
[PlyCount "82"]
[EventDate "1986.??.??"]

{3/(11)} 1. d4 e6 2. e4 Nf6 3. Nd2 c5 4. c3 Nc6 5. Ngf3 cxd4 6. cxd4 d6 7. Bd3
Be7 8. O-O O-O 9. Qe2 Nb4 10. Bb1 b6 11. Qe3 Bb7 12. a3 Nc6 13. b4 Rc8 14. e5
dxe5 15. dxe5 Nd5 16. Qd3 g6 17. Ne4 Qc7 18. Bb2 Rfd8 19. Qe2 Nb8 20. Neg5 Bxg5
21. Nxg5 Nc3 22. Qe3 Nxb1 23. Raxb1 Qd7 24. Qf4 h6 25. Nh3 Qd5 26. Qg3 Nc6 27.
Nf4 Qe4 28. Nh5 Qf5 29. Nf6+ Kg7 30. Bc1 g5 31. Bb2 Nd4 32. Qe3 Nc2 33. Qg3 Nd4
34. Qe3 Nb5 35. Rbc1 Rxc1 36. Rxc1 Rd3 37. Qe2 Nd4 38. Bxd4 Rxd4 39. Rc7 Bd5
40. Rxf7+ Kxf7 41. Qh5+ Qg6 0-1

[Event "Taylor (SEMO/1/7)"]
[Site "?"]
[Date "1986.??.??"]
[Round "?"]
[White "Schweikert, G.."]
[Black "Kulbacki, James"]
[Result "0-1"]
[WhiteElo "1870"]
[BlackElo "2090"]
[PlyCount "102"]
[EventDate "1986.??.??"]

{1/(7)} 1. d4 e6 2. c4 Nf6 3. Nf3 b6 4. g3 Bb7 5. Bg2 Be7 6. O-O O-O 7. Nc3 Ne4
8. Qc2 Nxc3 9. Qxc3 f5 10. e3 Bf6 11. b4 a5 12. b5 d6 13. Bb2 Nd7 14. a4 Qe8
15. Qb3 Qh5 16. Ne1 Bxg2 17. Kxg2 Kh8 18. Nd3 e5 19. dxe5 Nxe5 20. Bxe5 dxe5
21. Rae1 g5 22. c5 e4 23. cxb6 cxb6 24. Nc1 Be5 25. Qe6 Rae8 26. Qc6 Rf6 27.
Qd7 Bc3 28. Rd1 f4 29. g4 f3+ 30. Kg1 Qg6 31. Rd5 Be5 32. Rxe5 Rxe5 33. Na2 Rd6
34. Qc7 Rc5 35. Qb8+ Kg7 36. Qb7+ Kh6 37. Qb8 Rd2 38. h4 Qd6 39. Qg8 gxh4 40.
Nc3 Rxc3 41. g5+ Kh5 42. Qxh7+ Kg4 43. Kh1 Rxf2 44. Qxe4+ Kxg5 45. Qf4+ Qxf4
46. exf4+ Kxf4 47. Rxf2 Kg3 48. Rf1 Rc2 49. Re1 h3 50. Rg1+ Rg2 51. Rd1 h2 0-1

[Event "Warren (MCO/3/42)"]
[Site "?"]
[Date "1986.??.??"]
[Round "?"]
[White "Schwartz, R.."]
[Black "Watkins, David"]
[Result "1-0"]
[WhiteElo "1695"]
[BlackElo "1605"]
[PlyCount "69"]
[EventDate "1986.??.??"]

{3/(42)} 1. d4 Nf6 2. c4 e6 3. Nc3 Bb4 4. Nf3 Ne4 5. Qc2 Nxc3 6. bxc3 Ba5 7.
Ba3 Nc6 8. e4 d5 9. Bd3 dxe4 10. Bxe4 Nxd4 11. Qd3 f5 12. O-O Nxf3+ 13. Qxf3
Qf6 14. Bxb7 Bxb7 15. Qxb7 Kf7 16. Bb4 Rhb8 17. Qc6 Bxb4 18. cxb4 Rc8 19. Rad1
Rd8 20. Qxc7+ Qe7 21. Qxe7+ Kxe7 22. f3 Rxd1 23. Rxd1 Rd8 24. Rxd8 Kxd8 25. Kf2
Kc7 26. Ke3 Kc6 27. Kd4 a6 28. Ke5 a5 29. bxa5 Kb7 30. Kxe6 g6 31. c5 f4 32.
Kd6 h5 33. c6+ Kc8 34. a6 g5 35. a7 1-0

[Event "Warren (MCO/1/2)"]
[Site "?"]
[Date "1986.??.??"]
[Round "?"]
[White "Schwartz, R.."]
[Black "Finegold, Ben"]
[Result "0-1"]
[WhiteElo "1695"]
[BlackElo "2370"]
[PlyCount "36"]
[EventDate "1986.??.??"]

{1/(2)} 1. e4 c6 2. Nc3 d5 3. d3 dxe4 4. Nxe4 e5 5. Bd2 f5 6. Nc3 Nf6 7. h3 Bc5
8. Qe2 O-O 9. Nf3 Nbd7 10. g3 e4 11. Ng5 exd3 12. Qe6+ Kh8 13. Nf7+ Rxf7 14.
Qxf7 Ne5 15. Qb3 Be6 16. Qxe6 Nf3+ 17. Kd1 dxc2+ 18. Kc1 Qxd2# 0-1

[Event "Monroe (RVO/1/16)"]
[Site "?"]
[Date "1986.??.??"]
[Round "?"]
[White "Schmucker, V.."]
[Black "Hayes, R.."]
[Result "0-1"]
[WhiteElo "1745"]
[BlackElo "2090"]
[PlyCount "80"]
[EventDate "1986.??.??"]

{1/(16)} 1. e4 e5 2. Nf3 Nf6 3. Bc4 Nxe4 4. Nc3 Nxc3 5. dxc3 c6 6. O-O d5 7.
Bb3 e4 8. Nd4 Be7 9. Re1 O-O 10. c4 Na6 11. cxd5 cxd5 12. c4 dxc4 13. Bxc4 Bf6
14. Be3 b6 15. Rc1 Bb7 16. Rc2 Rc8 17. b3 Be5 18. Rd2 Qf6 19. Nb5 Rcd8 20. Rxd8
Rxd8 21. Qe2 Nb4 22. a3 Nc6 23. a4 a6 24. Bxb6 axb5 25. Bxd8 Qxd8 26. Bxb5 Nd4
27. Qh5 Qf6 28. Bc4 g6 29. Qg4 h5 30. Qd7 Bc6 31. Qc8+ Kg7 32. Rd1 Qg5 33. Qh3
Nf3+ 34. Kf1 Nd2+ 35. Ke2 Nxc4 36. bxc4 Bxa4 37. Rd5 Qf4 38. g3 Qf3+ 39. Kf1 e3
40. Rxe5 Qxf2# 0-1

[Event "Monroe (RVO/2/17)"]
[Site "?"]
[Date "1986.??.??"]
[Round "?"]
[White "Schmucker, V.."]
[Black "Harris, T.."]
[Result "0-1"]
[WhiteElo "1745"]
[BlackElo "1975"]
[PlyCount "96"]
[EventDate "1986.??.??"]

{2/(17)} 1. e4 c5 2. Nf3 Nc6 3. d4 cxd4 4. Nxd4 Nf6 5. Nc3 d6 6. Bg5 e6 7. Qd2
a6 8. Be2 Bd7 9. O-O-O Be7 10. Nb3 Qc7 11. f4 O-O-O 12. Rhf1 Kb8 13. f5 Ne5 14.
Bxf6 gxf6 15. Kb1 h5 16. Nd4 Rdg8 17. Rg1 Rg5 18. Rdf1 Rhg8 19. Bd1 Qb6 20.
fxe6 fxe6 21. Nf3 Nc4 22. Qc1 Rxg2 23. Rxg2 Rxg2 24. Be2 Ne3 25. Re1 Bc6 26.
Bd3 Ng4 27. Bf1 Rf2 28. Qf4 Nxh2 29. Be2 Nxf3 30. Bxf3 Qd4 31. Nd1 Qd2 32. Qxd2
Rxd2 33. Bxh5 Kc7 34. Nc3 Rg2 35. Kc1 Rg5 36. Bf3 f5 37. Nd5+ Kd8 38. Nb4 Bxe4
39. Bxe4 fxe4 40. Rxe4 d5 41. Rd4 Bxb4 42. Rxb4 Kc7 43. Rd4 Rg2 44. c4 Kd6 45.
cxd5 exd5 46. Rb4 Rg7 47. Kc2 Kc5 48. Kc3 Rg3+ 0-1

[Event "Monroe (RVO/5/16)"]
[Site "?"]
[Date "1986.??.??"]
[Round "?"]
[White "Schmucker, V.."]
[Black "Gabriel, R.."]
[Result "1/2-1/2"]
[WhiteElo "1745"]
[BlackElo "1785"]
[PlyCount "129"]
[EventDate "1986.??.??"]

{5/(16)} 1. e4 e5 2. Nf3 Nc6 3. Bc4 Bc5 4. c3 Qe7 5. O-O h6 6. d4 Bb6 7. Re1 d6
8. h3 Nf6 9. b4 a6 10. d5 Nb8 11. a4 O-O 12. Be3 Bxe3 13. Rxe3 Nbd7 14. Nbd2
Nh7 15. Qc2 Ndf6 16. Nf1 Nh5 17. Ng3 Nxg3 18. fxg3 Bd7 19. Bd3 b5 20. a5 c5 21.
g4 cxb4 22. cxb4 Rfc8 23. Qd2 Be8 24. Ree1 Qa7+ 25. Kf1 Rc7 26. Rac1 Rac8 27.
Rc2 Rxc2 28. Bxc2 Qc7 29. Bb3 Nf8 30. Rb1 Ng6 31. Ne1 Nf4 32. Nd3 Nxd3 33. Qxd3
Qc3 34. Qxc3 Rxc3 35. Bd1 f6 36. Kf2 Bg6 37. Bf3 Rc4 38. Ke3 Bh7 39. Rb2 g6 40.
Be2 Rc7 41. Bd3 Kf7 42. Rc2 Rxc2 43. Bxc2 Ke7 44. Bd3 Kd7 45. g3 Bg8 46. Kf3
Bf7 47. h4 Be8 48. Be2 Ke7 49. Bd3 Bd7 50. Be2 h5 51. gxh5 gxh5 52. Bd3 Kf7 53.
Ke3 Kg6 54. Kf3 f5 55. Be2 fxe4+ 56. Kxe4 Bf5+ 57. Ke3 Bh3 58. Bd3+ Bf5 59. Be2
Kh6 60. Bf3 Bg6 61. Be2 Be8 62. Bf3 Kg6 63. Be4+ Kf6 64. Bd3 Bd7 65. Be4
1/2-1/2

[Event "Warren (MCO/6/37)"]
[Site "?"]
[Date "1986.??.??"]
[Round "?"]
[White "Schell, Ken"]
[Black "Nowicki, B.."]
[Result "1-0"]
[WhiteElo "1680"]
[BlackElo "1605"]
[PlyCount "139"]
[EventDate "1986.??.??"]

{6/(37)} 1. e4 e5 2. Nf3 Nc6 3. Bb5 a6 4. Ba4 b5 5. Bb3 d6 6. O-O h6 7. c3 Bg4
8. h3 Bh5 9. d4 Na5 10. Bc2 f6 11. Nbd2 c6 12. Re1 Qc7 13. Nf1 g5 14. Ng3 Bf7
15. Be3 Nc4 16. Bc1 Bg7 17. Nf5 Bh5 18. g4 Bg6 19. b3 Nb6 20. Ba3 Bf8 21. Bc1
O-O-O 22. d5 c5 23. Be3 Bxf5 24. exf5 Ne7 25. Be4 Kb7 26. Nh2 Nec8 27. Nf1 Rd7
28. Ng3 Rdh7 29. Bf3 Ne7 30. Qe2 Kb8 31. Red1 Nec8 32. Ne4 Be7 33. c4 b4 34. a3
a5 35. axb4 axb4 36. Ra6 Bd8 37. Qa2 Qb7 38. Ra1 Rd7 39. Qa5 Rf8 40. Qb5 Rff7
41. Be2 Rf8 42. Qa5 Rff7 43. f3 Rf8 44. Nf2 Rff7 45. Nd1 Rf8 46. Nb2 Rff7 47.
Qb5 Rg7 48. R1a5 Rgf7 49. Ra1 Rg7 50. Bf2 Rgf7 51. h4 Rf8 52. Qa5 Rh8 53. Kf1
Rf7 54. Qa2 Rhh7 55. Kg2 Rd7 56. Nd1 Rdg7 57. Bg3 Re7 58. Nf2 Bc7 59. Ne4 Rhf7
60. Qa5 Rd7 61. Qa2 Bd8 62. Rh1 Rh7 63. Bf2 Rdf7 64. Ra1 Rd7 65. Be1 Rhf7 66.
Bf2 Rf8 67. Bxc5 dxc5 68. Nxc5 Qc7 69. Ra8+ Nxa8 70. Qxa8# 1-0

[Event "Warren (MCO/3/20)"]
[Site "?"]
[Date "1986.??.??"]
[Round "?"]
[White "Schell, Ken"]
[Black "Koster, Ed"]
[Result "0-1"]
[WhiteElo "1680"]
[BlackElo "2170"]
[PlyCount "62"]
[EventDate "1986.??.??"]

{3/(20)} 1. e4 Nf6 2. e5 Nd5 3. d4 d6 4. Nf3 g6 5. Be2 Bg7 6. O-O O-O 7. c4 Nb6
8. exd6 cxd6 9. Nc3 Nc6 10. Be3 Bg4 11. Rc1 Bxf3 12. gxf3 d5 13. c5 Nc8 14. f4
e6 15. Kh1 Qf6 16. Qb3 Rb8 17. Rcd1 N8e7 18. Rg1 Nf5 19. Nb5 a6 20. Nd6 Ncxd4
21. Qd3 Nxe2 22. Qxe2 Nxe3 23. fxe3 Qxb2 24. Rd2 Qa3 25. Rc2 b6 26. Rgc1 bxc5
27. Rxc5 Rfd8 28. Nxf7 Kxf7 29. Rc7+ Kg8 30. Qg4 Qxe3 31. R1c6 Rb1+ 0-1

[Event "Warren (MCO/2/41)"]
[Site "?"]
[Date "1986.??.??"]
[Round "?"]
[White "Schell, Ken"]
[Black "Galazyn, R.."]
[Result "1-0"]
[WhiteElo "1680"]
[BlackElo "1605"]
[PlyCount "151"]
[EventDate "1986.??.??"]

{2/(41)} 1. e4 c5 2. Nf3 Nc6 3. d4 cxd4 4. Nxd4 g6 5. Nc3 Bg7 6. Be3 e6 7. Qd2
Nf6 8. f3 a6 9. Bc4 O-O 10. O-O-O d5 11. exd5 exd5 12. Bb3 Na5 13. Bh6 Bxh6 14.
Qxh6 Nxb3+ 15. Nxb3 Be6 16. h4 Kh8 17. g4 Ng8 18. Qe3 Ne7 19. h5 Qd6 20. hxg6
Nxg6 21. Qh6 Qf4+ 22. Kb1 Qxh6 23. Rxh6 Kg7 24. Rdh1 Rh8 25. Nd4 Rad8 26. Nce2
Rde8 27. g5 Bd7 28. Ng3 Re5 29. Nh5+ Kf8 30. Nf6 Ke7 31. Nxh7 Bc8 32. Kc1 Kd6
33. f4 Re4 34. f5 Rxd4 35. fxg6 fxg6 36. Rxg6+ Kc5 37. Rf6 Re8 38. g6 Re2 39.
Rf7 Rdd2 40. Rc7+ Kd6 41. Rxc8 Kd7 42. Rc3 d4 43. Rd3 Rxc2+ 44. Kd1 Rxb2 45.
Rxd4+ Ke7 46. Re1 Re6 47. Rxe6+ Kxe6 48. g7 Rg2 49. Nf8+ Kf6 50. Rd7 Rxg7 51.
Rxg7 Kxg7 52. Nd7 a5 53. Kd2 Kf7 54. Kd3 Ke6 55. Nc5+ Kd5 56. Nxb7 a4 57. Kc3
Kc6 58. Na5+ Kc5 59. Nc4 Kb5 60. a3 Kc5 61. Kd3 Kc6 62. Kd4 Kb5 63. Kd5 Ka6 64.
Kc5 Kb7 65. Kb5 Kc7 66. Kxa4 Kc6 67. Kb4 Kb7 68. a4 Ka6 69. a5 Kb7 70. Kb5 Ka7
71. a6 Kb8 72. Kb6 Ka8 73. Ne3 Kb8 74. Nd5 Ka8 75. Nc7+ Kb8 76. a7+ 1-0

[Event "Warren (MCO/5/22)"]
[Site "?"]
[Date "1986.??.??"]
[Round "?"]
[White "Saunders, G.."]
[Black "Wlodarczyk, P.."]
[Result "1-0"]
[WhiteElo "1985"]
[BlackElo "1620"]
[PlyCount "91"]
[EventDate "1986.??.??"]

{5/(22)} 1. d4 g6 2. c4 Bg7 3. Nc3 Nf6 4. Nf3 d6 5. Bg5 Bg4 6. e3 Bxf3 7. gxf3
Nc6 8. a3 h6 9. Bh4 g5 10. Rg1 Rg8 11. Bg3 e6 12. h4 Nh5 13. Qc2 Qe7 14. Bh2
Bxd4 15. exd4 Nxd4 16. Qe4 Nb3 17. Qxb7 Nxa1 18. Qxa8+ Qd8 19. Qc6+ Qd7 20.
Qa8+ Qd8 21. Qxa7 Ke7 22. Nb5 Qd7 23. Qa4 c6 24. Nxd6 e5 25. c5 Nf4 26. Qd1 Qa7
27. Ne4 Rd8 28. Qxa1 Nd3+ 29. Bxd3 Rxd3 30. b4 f6 31. Nc3 Qd7 32. Qc1 Qf5 33.
hxg5 hxg5 34. Ne4 Qxf3 35. Nd6 Rxa3 36. Qd1 Qh3 37. Rg3 Rxg3 38. Bxg3 Qh1+ 39.
Ke2 Qh5+ 40. f3 g4 41. Nc8+ Ke8 42. Qd6 gxf3+ 43. Kf2 Qf7 44. Qxc6+ Kf8 45.
Qd6+ Kg7 46. Qe7 1-0

[Event "Warren (MCO/6/11)"]
[Site "?"]
[Date "1986.??.??"]
[Round "?"]
[White "Saunders, G.."]
[Black "Kulbacki, James"]
[Result "0-1"]
[WhiteElo "1985"]
[BlackElo "2120"]
[PlyCount "100"]
[EventDate "1986.??.??"]

{6/(11)} 1. d4 Nf6 2. c4 e6 3. Nf3 b6 4. Bg5 Be7 5. Nc3 d5 6. cxd5 exd5 7. e3
O-O 8. Bd3 Ne4 9. Nxe4 dxe4 10. Bxe4 c6 11. Bxe7 Qxe7 12. Qc2 f5 13. Bxc6 Qb4+
14. Nd2 Nxc6 15. Qxc6 Ba6 16. Qd5+ Kh8 17. Qb3 Qa5 18. Rc1 Rac8 19. Rc3 Rxc3
20. bxc3 Rc8 21. Nb1 Bc4 22. Qb2 Bxa2 23. Kd2 Qd5 24. f3 Bb3 25. Na3 a5 26. Rb1
a4 27. Nc2 Qd6 28. Rh1 Qg6 29. Ne1 Re8 30. Ke2 Qe6 31. Qd2 Rc8 32. Nd3 Bc4 33.
Kf2 Bxd3 34. Qxd3 Qa2+ 35. Kg3 Rc6 36. Qa6 f4+ 37. Kxf4 Rf6+ 38. Kg3 Rg6+ 39.
Kh4 Rh6+ 40. Kg3 Rg6+ 41. Kh4 h5 42. g3 Qf2 43. Qa8+ Kh7 44. f4 Qxe3 45. Ra1
Qe2 46. Kh3 h4 47. Qd5 hxg3 48. Ra2 Qg4+ 49. Kg2 gxh2+ 50. Kf2 Qg1+ 0-1

[Event "Warren (MCO/3/19)"]
[Site "?"]
[Date "1986.??.??"]
[Round "?"]
[White "Saunders, G.."]
[Black "DeJongh, John"]
[Result "0-1"]
[WhiteElo "1985"]
[BlackElo "1730"]
[PlyCount "70"]
[EventDate "1986.??.??"]

{3/(19)} 1. d4 d5 2. c4 e6 3. Nf3 Nf6 4. Bg5 Nbd7 5. cxd5 exd5 6. e3 c6 7. Bd3
Bb4+ 8. Nbd2 Qa5 9. O-O Bxd2 10. Nxd2 O-O 11. a3 Qc7 12. b4 a6 13. Qf3 h6 14.
Bf4 Qd8 15. e4 dxe4 16. Nxe4 Nxe4 17. Bxe4 Nf6 18. Bc2 Qxd4 19. Rfd1 Qb6 20.
Rd6 Be6 21. Bxh6 Ng4 22. Bf4 Rad8 23. Rxe6 Qxf2+ 24. Qxf2 Nxf2 25. Kxf2 fxe6
26. Ke3 Rc8 27. Bb3 Rf6 28. Rd1 c5 29. Be5 Rg6 30. Rd6 c4 31. Bd1 c3 32. Kd3
Rxg2 33. Bc2 Rd2+ 34. Ke3 Rxc2 35. Kd3 Rd2+ 0-1